5 joueurs, 1 club #4 - Statistiques

Statistiques générales
  • Ce quiz a été pris 168 fois
  • Le résultat moyen est 14 sur 20
Statistiques - réponses
Joueurs Club % Correct
Sadio Mané - Harvey Elliott - Mario Balotelli - Ian Rush - Raul Meireles FC Liverpool
98%
Raphaël Varane - Jonathan Clauss - Adrien Thomasson - El-Hadji Diouf - Jhoanner Chávez RC Lens
97%
Mattéo Guendouzi - Elseid Hysaj - Alessandro Nesta - Pedro Neto - Stephan Lichtsteiner SS Lazio
87%
Loïs Openda - Joshua Kimmich - Diego Demme - Ademola Lookman - Marcel Sabitzer RB Leipzig
84%
Micky van de Ven - William Gallas - Mathys Tel - Danny Rose - Pierre-Emile Højbjerg Tottenham
84%
Edin Džeko - Roberto Carlos - Mathieu Valbuena - Arda Güler - Ozan Tufan Fenerbahçe SK
80%
Anthony Briançon - Jean-Michel Larqué - Zuriko Davitashvili - Bafétimbi Gomis - William Saliba AS Saint-Étienne
79%
Alexander Isak - Nacho Monreal - David Silva - Hamari Traoré - Takefusa Kubo Real Sociedad
79%
João Palhinha - Islam Slimani - Raphinha - Viktor Gyökeres - Bruno Fernandes Sporting CP
78%
Samuel Lino - Arda Turan - Yannick Carrasco - David de Gea - Fernando Torres Atlético de Madrid
72%
Edinson Cavani - Diego Maradona - Lucas Blondel - Carlos Tévez - Juan Román Riquelme Boca Juniors
63%
Virgil van Dijk - Jota - Kenny Dalglish - Henrik Larsson - Callum McGregor Celtic FC
60%
Hristo Stoitchkov - David Ospina - Mohammed Al-Fatil - Sadio Mané - Jhon Durán Al-Nassr FC
56%
Raphaël Guerreiro - Montassar Talbi - Tiémoué Bakayoko - André-Pierre Gignac - Vincent Aboubakar FC Lorient
56%
Cengiz Ünder - Olivier Giroud - Carlos Vela - Gareth Bale - Hugo Lloris Los Angeles FC
56%
Dan Burn - Yankuba Minteh - Pervis Estupiñán - Fikayo Tomori - Anthony Knockaert Brighton
54%
Andrea Belotti - Duván Zapata - Ciro Immobile - Hakan Şükür - Matteo Darmian Torino FC
52%
Mesut Özil - Per Mertesacker - Marvin Ducksch - Niclas Füllkrug - Claudio Pizarro Werder Brême
49%
Çağlar Söyüncü - Matthias Ginter - Vincenzo Grifo - Joachim Löw - Papiss Cissé SC Freiburg
39%
Steve Bull - Diogo Jota - Jean-Ricner Bellegarde - Vitinha - Kortney Hause Wolves
35%
Aucun quiz correspondant
Distribution des résultats
% des personnes avec chaque résultat
Percentile par nombre de réponses
Votre historique - résultats
Vous n’avez pas pris ce quiz